Loading...

Keralathile samskarika charithram /

Bibliografiske detaljer
Hovedforfatter: Gopalakrishnan, P. K.
Format: Printed Book
Sprog:Malayalam
Udgivet: Bhasha Institute , 1974.
LEADER 00491nam a2200145Ia 4500
008 150624b xxu||||| |||| 00| | mal d
082 |a 915.48303 
100 |a Gopalakrishnan, P. K. 
245 |c P. K. Gopalakrishnan  |a Keralathile samskarika charithram / 
260 |b Bhasha Institute ,  |c 1974. 
300 |a 608 p. 
546 |a In Malayalam. 
942 |c BK 
999 |c 75304  |d 75304 
952 |0 1  |1 0  |4 1  |6 915_483000000000000_GOP_K_M  |7 0  |9 75248  |a UL  |b UL  |c ST1  |d 1998-08-28  |l 0  |o 915.483 GOP/K M  |p 23403  |r 2012-10-27  |y BK